00518nam a2200169Ia 4500003000900000008004100009040003300050041000800083080001400091100002700105245008300132246003600215260004200251300001400293650001400307650002700321LK-CoDNM010623t2003 xxu||||| |||| 00| 1 sin d aLK-CoDNMdLK-CoDNMeLK-CoDNM asin ax 929 SUN aSumanasekara, Jayamtha aමෙල්බන් ධමිම සරණ නියමුවාණෝ aMelban Dhamma sarana niyamuvano bSumana prakashanaaBattaramullac2003 b94, 22 cm aBiography aNaotunne Vijitha Thero